Law of commons and of town and village greens (Record no. 106062)

MARC details
000 -LEADER
fixed length control field 01292cam a2200277 4500
001 - CONTROL NUMBER
control field L135439
008 - FIXED-LENGTH DATA ELEMENTS--GENERAL INFORMATION
fixed length control field 061026n2006 000 0 eng u
020 ## - INTERNATIONAL STANDARD BOOK NUMBER
International Standard Book Number 1846610443
035 ## - SYSTEM CONTROL NUMBER
System control number (Sirsi) u135439
041 0# - LANGUAGE CODE
Language code of text/sound track or separate title eng
050 04 - LIBRARY OF CONGRESS CALL NUMBER
Classification number 333.32 $2 18
100 1# - MAIN ENTRY--PERSONAL NAME
Personal name Ubhi, Navjit
245 00 - TITLE STATEMENT
Title Law of commons and of town and village greens
250 ## - EDITION STATEMENT
Edition statement 2nd ed.
260 ## - PUBLICATION, DISTRIBUTION, ETC.
Place of publication, distribution, etc. Bristol
Name of publisher, distributor, etc. Jordans Publishing Ltd
Date of publication, distribution, etc. 2006
300 ## - PHYSICAL DESCRIPTION
Extent xlv, 430p.
Dimensions 24cm
350 ## - PRICE (NR) (BK AM CF MU VM SE) [OBSOLETE]
Price 70
505 2# - FORMATTED CONTENTS NOTE
Formatted contents note Background -- Historical development -- Classification of common lands -- Classification of rights of common -- Ownership of common land -- Creation and transfer of rights of common -- Inclosure and extinguishment of rights of common -- Registration of common land and rights of common -- Town and village greens -- Public access to commons -- Regulation and management of common lands -- Compulsory acquisition and common lands.
520 ## - SUMMARY, ETC.
Summary, etc. Looks at common land and town and village greens which have value for a number or reasons - ecological, historical, agricultural or recreational, and offers a practical explanation of the law.
590 ## - LOCAL NOTE (RLIN)
Local note KA
650 24 - SUBJECT ADDED ENTRY--TOPICAL TERM
Topical term or geographic name entry element COMMONS ACT 2006
651 #4 - SUBJECT ADDED ENTRY--GEOGRAPHIC NAME
Geographic name England and Wales
Chronological subdivision 1543-
690 ## - LOCAL SUBJECT ADDED ENTRY--TOPICAL TERM (OCLC, RLIN)
Topical term or geographic name as entry element PROPERTY
700 1# - ADDED ENTRY--PERSONAL NAME
Personal name Denyer-Green, Barry P. D.
942 ## - ADDED ENTRY ELEMENTS (KOHA)
Suppress in OPAC 0
Holdings
Withdrawn status Lost status Source of classification or shelving scheme Damaged status Not for loan Home library Current library Shelving location Date acquired Cost, normal purchase price Total Checkouts Full call number Barcode Date last seen Date last checked out Copy number Cost, replacement price Price effective from Koha item type
    Dewey Decimal Classification     London London Books 14/12/2006 70.00 22 333.32 UBH 30073465 06/08/2019 18/01/2010 1 70.00 06/08/2019 Book